FNaF Natewantstobattle lyrics quiz - Statistics

General Stats
  • This quiz has been taken 9 times
  • The average score is 9 of 12
Answer Stats
Hint Answer % Correct
I've been looking in the mirror, I've been losing me running in a lonely race Always come back
100%
We're only kids that lost our way but if we wait long enough we will be saved Nightmare
100%
Tie me up, put me into a suit but I'll never ever be like you, no No More
100%
Father of children without a home creator of vessels without a soul Stay the course
100%
You live on making promises you cant keep you're running from the consequence you won't reap Nothing to me
75%
Not every story's important it doesn't have to be One way ticket
75%
I heard you breathing in your room now don't you panic, it'll all be over soon Salvaged
75%
So fly me out so far away to what I couldn't see Time to move on
75%
When are fear and our delusion takes a hold and reality, it fails To my grave
75%
And now your coming back to me crawling back to me What you want
75%
Cause im burnt out and im mangled ready to wake up from this nightmare Leave me behind
50%
I know im not all wrong so throw away my parts and burn my blackened heart, yeah Obselete
25%
No matching quizzes found
Score Distribution
Percent of People with Each Score
Percentile by Number Answered
Your Score History
You have not taken this quiz